Statistics for UEFA Members whose teams never qualified for Champions League

Click here to take the quiz!

General Stats

  • This quiz has been taken 722 times
    (271 since last reset)
  • The average score is 18 of 22

Answer Stats

Answer % Correct
Andorra
94%
San Marino
90%
Latvia
89%
Lithuania
89%
Estonia
89%
Ireland
89%
Albania
87%
Malta
87%
Luxembourg
85%
Kosovo
85%
Iceland
84%
Bosnia and Herzegovina
80%
Moldova
80%
Liechtenstein
79%
Montenegro
79%
Wales
77%
Macedonia
76%
Armenia
75%
Georgia
74%
Northern Ireland
73%
Gibraltar
71%
Faroe Islands
59%

Score Distribution

Percentile by Number Answered

Percent of People with Each Score

Your Score History

You have not taken this quiz since the last reset